000 00390nam a2200145 4500
001 115920
003 ES-MaACL
007 t|
008 061121s1921 mx r ||||1| spa d
100 1 _aOrtiz de Montellano, Bernardo.
_987601
245 1 0 _aAvidez /
_cBernardo Ortiz de Montellano.
260 _aMéxico :
_b`Cultura`,
_c1921.
300 _a122 p. ;
_c18 cm.
852 _aES-MaACL
_jG-3549
999 _c115920
_d115920